West and Smith's law of dilapidations. (Record no. 101461)
[ view plain ]
| 000 -LEADER | |
|---|---|
| fixed length control field | 00826cam a2200265 4500 |
| 008 - FIXED-LENGTH DATA ELEMENTS--GENERAL INFORMATION | |
| fixed length control field | 000000n2001 000 0 eng u |
| 020 ## - INTERNATIONAL STANDARD BOOK NUMBER | |
| International Standard Book Number | 0728203529 |
| 035 ## - SYSTEM CONTROL NUMBER | |
| System control number | (Sirsi) u112659 |
| 050 ## - LIBRARY OF CONGRESS CALL NUMBER | |
| Classification number | 346.410434 |
| 100 ## - MAIN ENTRY--PERSONAL NAME | |
| Personal name | Smith, Peter F. |
| 245 ## - TITLE STATEMENT | |
| Title | West and Smith's law of dilapidations. |
| 250 ## - EDITION STATEMENT | |
| Edition statement | 11th ed. |
| 260 ## - PUBLICATION, DISTRIBUTION, ETC. | |
| Place of publication, distribution, etc. | London |
| Name of publisher, distributor, etc. | Estates Gazette |
| Date of publication, distribution, etc. | 2001 |
| 300 ## - PHYSICAL DESCRIPTION | |
| Extent | xlii,294p. ; 22cm. |
| 350 ## - PRICE (NR) (BK AM CF MU VM SE) [OBSOLETE] | |
| Price | 26.00 |
| 520 ## - SUMMARY, ETC. | |
| Summary, etc. | The latest edition of a standard text on the obligations of landlords and tenants concerning dilapidated premises and the legal remedies available. |
| 650 ## - SUBJECT ADDED ENTRY--TOPICAL TERM | |
| Topical term or geographic name entry element | AGRICULTURAL DILAPIDATIONS |
| 650 ## - SUBJECT ADDED ENTRY--TOPICAL TERM | |
| Topical term or geographic name entry element | REPAIRING COVENANTS |
| 650 ## - SUBJECT ADDED ENTRY--TOPICAL TERM | |
| Topical term or geographic name entry element | LISTED BUILDINGS |
| 650 ## - SUBJECT ADDED ENTRY--TOPICAL TERM | |
| Topical term or geographic name entry element | Party walls |
| 9 (RLIN) | 6258 |
| 650 ## - SUBJECT ADDED ENTRY--TOPICAL TERM | |
| Topical term or geographic name entry element | REPAIRS |
| 690 ## - LOCAL SUBJECT ADDED ENTRY--TOPICAL TERM (OCLC, RLIN) | |
| Topical term or geographic name as entry element | Dilapidations |
| 9 (RLIN) | 6235 |
| 700 ## - ADDED ENTRY--PERSONAL NAME | |
| Personal name | West, W.A. |
| 942 ## - ADDED ENTRY ELEMENTS (KOHA) | |
| Suppress in OPAC | 0 |
| Withdrawn status | Lost status | Source of classification or shelving scheme | Damaged status | Not for loan | Home library | Current library | Shelving location | Date acquired | Cost, normal purchase price | Total Checkouts | Full call number | Barcode | Date last seen | Date last checked out | Copy number | Cost, replacement price | Price effective from | Koha item type |
|---|---|---|---|---|---|---|---|---|---|---|---|---|---|---|---|---|---|---|
| Dewey Decimal Classification | London | London | Books | 17/05/2001 | 26.00 | 1 | 346.410434 SMI | 30064287 | 06/08/2019 | 15/10/2002 | 1 | 26.00 | 06/08/2019 | Reference material |